[Event "RUS-ch Rapid 2021"]
[Site "Sochi"]
[Date "2021.10.12"]
[Round "2.13"]
[White "Gubsky, Egor"]
[Black "Tsydypov, Zhamsaran"]
[Result "0-1"]
[WhiteElo "2339"]
[BlackElo "2526"]
[Annotator "TA"]
[PlyCount "69"]
[EventDate "2021.10.12"]
[EventType "swiss"]
[EventCountry "RUS"]
[SourceTitle "playchess.com"]
[Source "ChessBase"]
[SourceQuality "1"]

{[%evp 18,69,22,0,0,0,0,0,0,-45,-40,-26,-21,-68,-70,-63,-63,-58,-62,-172,-177,
-174,-134,-166,-178,-216,-197,-275,-276,-277,-283,-266,-260,-314,-295,-388,
-396,-464,-279,-283,-231,-432,-418,-460,-445,-500,-500,-483,-445,-551,-556,
-677,-683,-767]} 1. d4 Nf6 2. c4 g6 3. Nc3 Bg7 4. e4 d6 5. Nf3 O-O 6. Be2 Na6
7. O-O e5 8. d5 Nc5 9. Qc2 a5 10. a3 a4 {E94: King's Indian: Classical: 6 Be2
e5 7 0-0: Various Black 7th moves.} 11. Be3 b6 12. Nd2 Bd7 {The position is
equal.} 13. b4 axb3 $1 14. Nxb3 Na4 15. f3 {[#]} Nh5 $146 ({Predecessor:} 15...
Ne8 16. Na2 f5 17. Nb4 f4 18. Bf2 h5 19. Nc6 Qf6 20. Qc1 g5 21. Qe1 Bh6 {
0-1 (49) Schaefer,N (1595)-Baltic,F (1903) Willingen 2015}) 16. Bd1 f5 17. Nxa4
Bxa4 18. Qc3 ({White should play} 18. Ra2 $15) 18... fxe4 $19 19. fxe4 Rxf1+
20. Kxf1 Qh4 {And now ...Nf4 would win.} 21. Bxh5 gxh5 (21... Qxh5 22. Kg1 $17)
22. Nd2 (22. Kg1 $142) 22... Qxh2 23. Nf3 Rf8 24. Bf2 Qf4 ({But not} 24... Qh1+
25. Ke2 $19) 25. Qd3 h4 {Hoping for ...h3!} 26. Ke2 h3 27. gxh3 {[#]} Bc2 $1 {
[%mdl 512]} 28. Qe3 Bxe4 29. Nd2 (29. Qxf4 Rxf4 30. Nd2) 29... Bg6 30. Qxf4
exf4 {Black is clearly winning.} (30... Rxf4 $2 31. a4 $19) 31. Rg1 Ra8 32. Nf3
Rxa3 33. Nh4 Ra2+ 34. Kf1 Bd3+ {[%mdl 64] [#] Double Attack} 35. Ke1 {Weighted
Error Value: White=0.48/Black=0.11} 0-1

[Event "RUS-ch Rapid 2021"]
[Site "Sochi"]
[Date "2021.10.12"]
[Round "2.14"]
[White "Kezin, Roman"]
[Black "Gogolev, Artem"]
[Result "1-0"]
[WhiteElo "2492"]
[BlackElo "2296"]
[Annotator "TA"]
[PlyCount "117"]
[EventDate "2021.10.12"]
[EventType "swiss"]
[EventCountry "RUS"]
[SourceTitle "playchess.com"]
[Source "ChessBase"]
[SourceQuality "1"]

{[%evp 24,117,49,44,59,57,71,35,52,65,105,108,11,84,112,104,112,112,160,143,
160,156,203,213,220,198,198,198,198,170,166,0,198,188,159,161,330,255,291,297,
292,287,273,167,170,161,161,175,164,170,251,219,246,240,268,266,247,226,610,
610,593,587,997,870,787,729,2033,2000,1825,1876,1791,1653,1538,1351,1148,1010,
29974,29975,29972,29977,29977,29978,29976,29976,29976,29978,29978,29979,29979,
29978,29978,29979,29979,29980,29980,29981]} 1. d4 Nf6 2. c4 e6 3. g3 d5 4. Bg2
dxc4 5. Nf3 c5 6. O-O Nc6 7. Qa4 cxd4 8. Nxd4 Qxd4 9. Bxc6+ Bd7 10. Rd1 Bxc6
11. Qxc6+ Qd7 12. Rxd7 bxc6 13. Rd4 Rd8 {E04: Open Catalan: 5 Nf3.} 14. Rxc4 c5
15. Nc3 {[#]} Nd5 $146 {White is slightly better.} ({Predecessor:} 15... Be7
16. Be3 Nd5 17. Bxc5 Rc8 18. Ne4 f5 19. Bxe7 Rxc4 20. Nd6+ Kxe7 21. Nxc4 Rc8
22. b3 Nb6 {1-0 (31) Saydaliev,S (2385)-Brikov,I (2371) Tula 2018}) 16. Ne4 Nb6
{[#]} 17. Rc2 Rd1+ 18. Kg2 Be7 19. Nxc5 Bxc5 20. Rxc5 O-O 21. a4 Nd5 22. Ra3 f5
23. Rb3 h6 24. Rb7 Rf7 25. Rc8+ Rf8 26. Rc6 Rf7 27. Rc8+ Rf8 {[#]} 28. Rxf8+
Kxf8 $18 {[%mdl 4096] Endgame KRB-KRN} 29. Bf4 Re1 $2 (29... Nxf4+ {was
necessary.} 30. gxf4 a5) 30. Be5 ({Don't take} 30. Rxa7 Rxe2 31. Bd6+ Ke8 $18)
30... g5 31. e3 ({Resist} 31. Rxa7 $6 Rxe2 32. Bg7+ Ke8 $18) 31... a5 32. Bg7+
Ke8 33. Bxh6 g4 34. Bg7 Ra1 35. b3 Ra2 36. Bd4 e5 (36... Nb4 {is a better
defense.} 37. h4 gxh3+ 38. Kxh3 Rxf2) 37. Bc5 Rc2 38. Rb5 Nc3 39. Rxa5 Ne4 40.
Bb4 Nxf2 $2 (40... Rxf2+ 41. Kg1 Rb2 42. Rxe5+ {[%mdl 64] Double Attack} Kd7
43. Rxf5 Rxb3) 41. Rxe5+ {[%mdl 64] Double Attack} Kd7 {Hoping for ...Nd3+.}
42. Rd5+ Kc6 43. Rd2 Rxd2 44. Bxd2 {KB-KN} Nd3 45. b4 Nb2 46. a5 {[%cal Ba4a5,
Ba5a6,Ba6a7][%mdl 32]} Nc4 47. Bc1 Kb5 48. h4 gxh3+ 49. Kxh3 Kxb4 50. a6 {
White mates.} Kb5 51. a7 Nb6 52. Bb2 Kc6 53. Bd4 Na8 54. Kh4 Kd5 55. Kg5 Ke6
56. Kg6 Nc7 57. Bc3 Na8 58. Ba5 Ke5 59. Kf7 {Weighted Error Value: White=0.19/
Black=0.46} 1-0

[Event "RUS-ch Rapid 2021"]
[Site "Sochi"]
[Date "2021.10.12"]
[Round "2.15"]
[White "Maltsevskaya, Aleksandra"]
[Black "Kokarev, Dmitry"]
[Result "0-1"]
[WhiteElo "2411"]
[BlackElo "2579"]
[Annotator "ChessBase"]
[PlyCount "92"]
[EventDate "2021.10.12"]
[EventType "swiss"]
[EventCountry "RUS"]
[SourceTitle "playchess.com"]
[Source "ChessBase"]
[SourceQuality "1"]
[TimeControl "900+10"]

1. e4 {[%emt 0:00:04]} c5 {[%emt 0:00:10]} 2. Nf3 {[%emt 0:00:05]} d6 {[%emt 0:
00:02]} 3. d4 {[%emt 0:00:02]} Nf6 {[%emt 0:00:02]} 4. Nc3 {[%emt 0:00:11]}
cxd4 {[%emt 0:00:02]} 5. Nxd4 {[%emt 0:00:01]} a6 {[%emt 0:00:02]} 6. h3 {
[%emt 0:00:07]} e5 {[%emt 0:00:06]} 7. Nde2 {[%emt 0:00:00]} b5 {[%emt 0:00:02]
} 8. g3 {[%emt 0:00:08]} Nbd7 {[%emt 0:00:10]} 9. Bg2 {[%emt 0:00:27]} Be7 {
[%emt 0:00:00]} 10. O-O {[%emt 0:00:06]} O-O {[%emt 0:00:09]} 11. a4 {[%emt 0:
01:19]} b4 {[%emt 0:00:05]} 12. Nd5 {[%emt 0:00:02]} Nxd5 {[%emt 0:00:15]} 13.
Qxd5 {[%emt 0:00:18]} Qc7 {[%emt 0:00:09]} 14. a5 {[%emt 0:03:04]} Rb8 {
[%emt 0:00:19]} 15. c3 {[%emt 0:00:28]} Nc5 {[%emt 0:00:27]} 16. cxb4 {[%emt 0:
04:16]} Rxb4 {[%emt 0:00:06]} 17. Nc3 {[%emt 0:01:13]} Rd4 {[%emt 0:00:10]} 18.
Qa2 {[%emt 0:00:00]} Be6 {[%emt 0:00:02]} 19. Nd5 {[%emt 0:00:44]} Bxd5 {
[%emt 0:00:15]} 20. exd5 {[%emt 0:00:01]} Ra4 {[%emt 0:01:00]} 21. Qb1 {
[%emt 0:00:19]} Rxa1 {[%emt 0:00:01]} 22. Qxa1 {[%emt 0:00:00]} Nb3 {[%emt 0:
00:03]} 23. Qb1 {[%emt 0:00:01]} Qxa5 {[%emt 0:00:17]} 24. Be3 {[%emt 0:00:09]}
Rc8 {[%emt 0:00:46]} 25. Qf5 {[%emt 0:00:11]} Qc7 {[%emt 0:00:08]} 26. f4 {
[%emt 0:01:34]} Nd4 {[%emt 0:02:52]} 27. Qd3 {[%emt 0:01:01]} Qb6 {[%emt 0:00:
07]} 28. fxe5 {[%emt 0:00:27]} dxe5 {[%emt 0:00:04]} 29. Kh2 {[%emt 0:00:56]}
g6 {[%emt 0:00:10]} 30. Rf2 {[%emt 0:01:37]} a5 {[%emt 0:00:38]} 31. Qe4 {
[%emt 0:00:10]} Bd6 {[%emt 0:01:10]} 32. Qg4 {[%emt 0:01:01]} Qc7 {[%emt 0:00:
33]} 33. Be4 {[%emt 0:00:26]} Rb8 {[%emt 0:00:33]} 34. h4 {[%emt 0:00:03]} f5 {
[%emt 0:01:37]} 35. Bxf5 {[%emt 0:00:00]} Nxf5 {[%emt 0:00:02]} 36. Rxf5 {
[%emt 0:00:01]} Qc8 {[%emt 0:00:06]} 37. Rg5 {[%emt 0:00:25]} Qxg4 {[%emt 0:00:
17]} 38. Rxg4 {[%emt 0:00:00]} Rxb2+ {[%emt 0:00:00]} 39. Kh3 {[%emt 0:00:03]}
Rb4 {[%emt 0:00:10]} 40. Bd2 {[%emt 0:00:38]} Rxg4 {[%emt 0:00:06]} 41. Kxg4 {
[%emt 0:00:00]} a4 {[%emt 0:00:04]} 42. Bc3 {[%emt 0:00:09]} e4 {[%emt 0:00:05]
} 43. h5 {[%emt 0:00:09]} a3 {[%emt 0:00:31]} 44. hxg6 {[%emt 0:00:00]} hxg6 {
[%emt 0:00:03]} 45. Kh3 {[%emt 0:00:25]} Kf7 {[%emt 0:00:07]} 46. Kg2 {[%emt 0:
00:05]} Be7 {[%emt 0:00:06]} 0-1

[Event "RUS-ch Rapid 2021"]
[Site "Sochi"]
[Date "2021.10.12"]
[Round "2.16"]
[White "Afanasiev, Nikita"]
[Black "Gitelson, Arkady"]
[Result "1-0"]
[WhiteElo "2560"]
[BlackElo "2188"]
[Annotator "ChessBase"]
[PlyCount "66"]
[EventDate "2021.10.12"]
[EventType "swiss"]
[EventCountry "RUS"]
[SourceTitle "playchess.com"]
[Source "ChessBase"]
[SourceQuality "1"]
[TimeControl "900+10"]

1. Nf3 {[%emt 0:00:15]} b6 {[%emt 0:00:04]} 2. g3 {[%emt 0:00:10]} Bb7 {
[%emt 0:00:00]} 3. Bg2 {[%emt 0:00:02]} g6 {[%emt 0:00:01]} 4. O-O {[%emt 0:00:
03]} Bg7 {[%emt 0:00:01]} 5. d4 {[%emt 0:00:00]} e6 {[%emt 0:00:06]} 6. Re1 {
[%emt 0:00:05]} Ne7 {[%emt 0:00:00]} 7. e4 {[%emt 0:00:00]} O-O {[%emt 0:00:02]
} 8. a4 {[%emt 0:00:08]} a6 {[%emt 0:00:00]} 9. c3 {[%emt 0:00:03]} d6 {
[%emt 0:00:04]} 10. h4 {[%emt 0:00:23]} h6 {[%emt 0:00:03]} 11. Nbd2 {[%emt 0:
00:08]} c5 {[%emt 0:00:39]} 12. dxc5 {[%emt 0:00:30]} dxc5 {[%emt 0:00:15]} 13.
Nc4 {[%emt 0:00:12]} Nd7 {[%emt 0:02:06]} 14. Bf4 {[%emt 0:01:05]} Bc6 {
[%emt 0:03:07]} 15. Bd6 {[%emt 0:00:31]} b5 {[%emt 0:01:44]} 16. Nce5 {[%emt 0:
00:11]} Nxe5 {[%emt 0:01:12]} 17. Nxe5 {[%emt 0:00:05]} Bxe5 {[%emt 0:00:00]}
18. Bxe5 {[%emt 0:00:00]} Qxd1 {[%emt 0:00:06]} 19. Rexd1 {[%emt 0:00:15]} c4 {
[%emt 0:00:43]} 20. Bf6 {[%emt 0:00:48]} Nc8 {[%emt 0:01:55]} 21. axb5 {
[%emt 0:02:54]} axb5 {[%emt 0:00:00]} 22. Rxa8 {[%emt 0:00:02]} Bxa8 {[%emt 0:
00:00]} 23. Ra1 {[%emt 0:00:14]} Nb6 {[%emt 0:01:49]} 24. Ra5 {[%emt 0:02:13]}
Nd7 {[%emt 0:00:09]} 25. Be7 {[%emt 0:00:07]} Re8 {[%emt 0:00:45]} 26. Bd6 {
[%emt 0:00:00]} e5 {[%emt 0:03:45]} 27. Rxb5 {[%emt 0:00:00]} Re6 {[%emt 0:00:
04]} 28. Ba3 {[%emt 0:00:30]} Re8 {[%emt 0:00:37]} 29. Rb4 {[%emt 0:00:19]} Nc5
{[%emt 0:00:30]} 30. Rxc4 {[%emt 0:00:05]} Nd3 {[%emt 0:00:00]} 31. Bf1 {
[%emt 0:00:28]} Ne1 {[%emt 0:00:03]} 32. Be2 {[%emt 0:00:04]} f5 {[%emt 0:00:
23]} 33. Kf1 {[%emt 0:00:02]} Nc2 {[%emt 0:00:04]} 1-0

[Event "RUS-ch Rapid 2021"]
[Site "Sochi"]
[Date "2021.10.12"]
[Round "2.17"]
[White "Shcherbin, Matvei"]
[Black "Iljiushenok, Ilia"]
[Result "1/2-1/2"]
[WhiteElo "2366"]
[BlackElo "2554"]
[Annotator "TA"]
[PlyCount "93"]
[EventDate "2021.10.12"]
[EventType "swiss"]
[EventCountry "RUS"]
[SourceTitle "playchess.com"]
[Source "ChessBase"]
[SourceQuality "1"]

{[%evp 23,93,-10,0,-16,22,6,15,0,0,0,95,78,94,97,91,91,107,99,139,136,165,167,
218,213,278,259,275,258,262,257,330,320,327,327,306,293,287,286,259,208,353,
418,388,366,326,327,445,417,417,402,343,227,420,0,326,264,326,323,550,0,0,0,0,
0,0,0,0,0,0,0,0,0]} 1. e4 c5 2. c3 Nf6 3. e5 Nd5 4. d4 cxd4 5. Nf3 e6 6. cxd4
b6 7. Nc3 Nxc3 8. bxc3 Qc7 9. Bd2 Bb7 10. Bd3 d6 11. O-O Nd7 12. Re1 dxe5 13.
Ng5 {B22: Sicilian: 2 c3.} g6 14. Qg4 Be7 $1 15. dxe5 {[#]} Nc5 $146 ({
Predecessor:} 15... O-O-O 16. Nxf7 Nc5 17. Bc4 Rxd2 18. Nxh8 Bd5 19. Bxd5 Rxd5
20. Nf7 Kb8 21. Rad1 Qd7 {1-0 (41) Bermudez Vives,S (2140)-Quinonez Centeno,C 
(2326) Managua 2014}) 16. Bb5+ Kf8 (16... Bc6 $11 {keeps the balance.} 17.
Bxc6+ Qxc6) 17. Qf4 $16 {[%csl Gg5][%cal Rf4f7]} Bxg5 18. Qxg5 {White
threatens Qf6 and mate.} h6 19. Qh4 Kg7 20. Rad1 a6 21. Bf1 Rae8 22. Be3 Bd5 (
22... Ne4 $142 23. Bd4 g5) 23. c4 $18 Bc6 24. Qf6+ Kg8 25. Bxc5 bxc5 26. Rd6
Rh7 27. Red1 Rg7 28. h4 h5 29. Rd8 Kh7 30. Rxe8 Bxe8 31. Qd8 Qc6 (31... Qxd8
$142 32. Rxd8 Ba4) 32. Rd6 Qa4 33. Qe7 Rg8 34. Rd8 Qc6 35. Be2 Kh6 36. Bf3 Qa4
37. Bd1 (37. Qxc5 Kg7 $18) 37... Qc6 (37... Qxa2 {is a better defense.} 38.
Rxe8 Rxe8 39. Qxe8 Kg7) 38. Bf3 Qa4 39. Kh2 ({Resist} 39. Qxc5 Kg7 $18) 39...
Kg7 40. a3 ({Less strong is} 40. Qxc5 Qxa2 41. Ra8 (41. Qe7 Qxc4 42. Qf6+ Kf8
$18) 41... Qb2 $16) 40... Qxc4 $2 {[#]} (40... Rf8 41. Qxc5 Rg8) 41. Rxe8 $2 (
41. Qf6+ $1 $18 Kh7 {[#]} 42. Rxe8 $1 {[%mdl 576] Remove Defender, Decoy} Rxe8
43. Qxf7+ {[%mdl 64] Double Attack} Kh6 44. Qxe8 Qxh4+ 45. Kg1) 41... Rxe8 $11
{The position is equal.} 42. Qxe8 Qf4+ 43. Kg1 Qc1+ 44. Kh2 Qf4+ 45. Kh3 Qf5+
$1 46. Kh2 Qf4+ 47. Kg1 {Black defended with fortune.  Weighted Error Value:
White=0.35/Black=0.37} 1/2-1/2

[Event "RUS-ch Rapid 2021"]
[Site "Sochi"]
[Date "2021.10.12"]
[Round "2.18"]
[White "Khanin, Semen"]
[Black "Taysayev, Timur"]
[Result "1-0"]
[WhiteElo "2521"]
[BlackElo "2217"]
[Annotator "ChessBase"]
[PlyCount "63"]
[EventDate "2021.10.12"]
[EventType "swiss"]
[EventCountry "RUS"]
[SourceTitle "playchess.com"]
[Source "ChessBase"]
[SourceQuality "1"]
[TimeControl "900+10"]

1. e4 {[%emt 0:00:00]} c5 {[%emt 0:00:08]} 2. Nf3 {[%emt 0:00:02]} d6 {[%emt 0:
00:02]} 3. d4 {[%emt 0:00:03]} cxd4 {[%emt 0:00:00]} 4. Nxd4 {[%emt 0:00:05]}
Nf6 {[%emt 0:00:08]} 5. Nc3 {[%emt 0:00:03]} Nc6 {[%emt 0:00:02]} 6. Bg5 {
[%emt 0:00:01]} e6 {[%emt 0:00:06]} 7. Qd2 {[%emt 0:00:07]} Be7 {[%emt 0:00:37]
} 8. O-O-O {[%emt 0:00:01]} O-O {[%emt 0:00:05]} 9. f3 {[%emt 0:00:20]} a6 {
[%emt 0:00:54]} 10. h4 {[%emt 0:00:11]} Nxd4 {[%emt 0:00:15]} 11. Qxd4 {
[%emt 0:00:03]} Qa5 {[%emt 0:00:11]} 12. Kb1 {[%emt 0:00:10]} b5 {[%emt 0:00:
08]} 13. e5 {[%emt 0:00:35]} dxe5 {[%emt 0:01:21]} 14. Qxe5 {[%emt 0:00:01]}
Bb7 {[%emt 0:02:27]} 15. Bd3 {[%emt 0:00:11]} Rac8 {[%emt 0:00:20]} 16. Ne4 {
[%emt 0:03:02]} Bxe4 {[%emt 0:00:52]} 17. Bxe4 {[%emt 0:00:09]} Nxe4 {[%emt 0:
00:54]} 18. Qxe4 {[%emt 0:00:51]} Qc7 {[%emt 0:01:55]} 19. Bxe7 {[%emt 0:03:30]
} Qxe7 {[%emt 0:00:06]} 20. Rd4 {[%emt 0:00:14]} Rfd8 {[%emt 0:00:24]} 21. Rhd1
{[%emt 0:00:03]} h6 {[%emt 0:00:31]} 22. a3 {[%emt 0:00:37]} Qc7 {[%emt 0:00:
29]} 23. Rxd8+ {[%emt 0:00:33]} Rxd8 {[%emt 0:00:00]} 24. Rxd8+ {[%emt 0:00:12]
} Qxd8 {[%emt 0:00:00]} 25. Qc6 {[%emt 0:00:03]} Qxh4 {[%emt 0:02:42]} 26. Qxa6
{[%emt 0:00:45]} Qh1+ {[%emt 0:00:20]} 27. Ka2 {[%emt 0:00:00]} Qxg2 {[%emt 0:
00:00]} 28. Qxb5 {[%emt 0:00:06]} Qxf3 {[%emt 0:00:09]} 29. a4 {[%emt 0:00:03]}
h5 {[%emt 0:00:00]} 30. a5 {[%emt 0:00:03]} h4 {[%emt 0:00:14]} 31. a6 {
[%emt 0:00:08]} h3 {[%emt 0:00:35]} 32. a7 {[%emt 0:01:41]} 1-0

[Event "RUS-ch Rapid 2021"]
[Site "Sochi"]
[Date "2021.10.12"]
[Round "2.19"]
[White "Grebnev, Aleksey"]
[Black "Demidov, Mikhail"]
[Result "1/2-1/2"]
[WhiteElo "2469"]
[BlackElo "2551"]
[Annotator "TA"]
[PlyCount "110"]
[EventDate "2021.10.12"]
[EventType "swiss"]
[EventCountry "RUS"]
[SourceTitle "playchess.com"]
[Source "ChessBase"]
[SourceQuality "1"]

{[%evp 18,110,12,0,41,24,36,35,39,25,17,18,47,44,48,34,50,0,24,17,16,24,29,15,
14,0,29,55,38,33,47,47,39,40,41,0,30,0,56,37,47,15,17,16,17,0,14,0,0,0,8,6,34,
6,7,6,7,0,0,-1,0,0,0,0,0,0,0,0,0,0,0,0,0,0,0,0,0,0,16,16,16,16,16,16,16,0,818,
16,43,0,0,0,54,0,0]} 1. e4 g6 2. d4 Bg7 3. Nc3 d6 4. Be3 a6 5. a4 Nc6 6. Nf3
Nf6 7. h3 O-O 8. Be2 e5 9. dxe5 dxe5 {9...Nxe5 is vanishing.} 10. O-O h6 {
B08: Pirc Defence: Classical System.} 11. Bc4 Be6 12. Bxe6 fxe6 {[#] White is
slightly better.} 13. Qxd8 $146 ({Predecessor:} 13. Bc5 Qxd1 14. Rfxd1 Rfd8 15.
Kf1 Kf7 16. Ke2 Nd7 17. Be3 Nb6 18. Bxb6 cxb6 19. Na2 {0-1 (43) Gavenavicius,K
(1134)-Cirtautas,S (1931) Lithuania 2021}) 13... Rfxd8 14. Rfd1 Ne8 15. Rxd8
Rxd8 16. Rd1 Nd4 17. Rd2 (17. Bxd4 {seems wilder.} exd4 18. e5 c5 19. Kf1 Nc7
20. Rd3) 17... Nxf3+ (17... c5 {keeps more tension.} 18. Ne1 Nd6 19. b3 Bf6 20.
Kf1 h5) 18. gxf3 Rxd2 19. Bxd2 $11 {[%mdl 4096] Endgame KBN-KBN} Nd6 20. b3 Nf7
21. Be3 Bf6 22. Nd1 Kf8 23. Nb2 Ke8 24. Nd3 Be7 25. Kg2 Kd7 26. Bc5 Bd6 27. Be3
Kc6 ({Black should play} 27... Be7 $11) 28. Kg3 b5 29. axb5+ axb5 30. Kg2 Kd7
31. Kg3 h5 32. Kh4 Be7+ 33. Kg3 Ke8 (33... Bd6 {looks sharper.}) 34. Kg2 Bd6
35. c4 bxc4 36. bxc4 Be7 37. Kg3 Bf6 38. Bc5 Nd8 39. Bb4 Nc6 40. Bc3 Ke7 41.
Kg2 Kf7 42. Kg3 Bh8 43. Kg2 Bg7 44. Kf1 Nd4 45. Bxd4 exd4 {KB-KN} 46. f4 Kf6
47. f3 g5 48. fxg5+ Kxg5 49. f4+ Kf6 50. Ke2 Bf8 51. Kf3 Ba3 $2 {[%mdl 8192] 
[#]} (51... c5 $11) 52. Kg3 $2 (52. c5 $18 {aiming for Ke2.} Ke7 53. e5) 52...
Be7 53. Kh4 Kg6+ 54. Kg3 Kf6 55. Kh4 (55. c5 $1 $14) 55... Kg6+ {Weighted
Error Value: White=0.28/Black=0.12} 1/2-1/2

[Event "RUS-ch Rapid 2021"]
[Site "Sochi"]
[Date "2021.10.12"]
[Round "2.20"]
[White "Nozdrachev, Vladislav"]
[Black "Khubukshanov, Erdem"]
[Result "0-1"]
[WhiteElo "2495"]
[BlackElo "2373"]
[Annotator "ChessBase"]
[PlyCount "48"]
[EventDate "2021.10.12"]
[EventType "swiss"]
[EventCountry "RUS"]
[SourceTitle "playchess.com"]
[Source "ChessBase"]
[SourceQuality "1"]
[TimeControl "900+10"]

1. e4 {[%emt 0:00:00]} c5 {[%emt 0:00:04]} 2. Nf3 {[%emt 0:00:06]} Nc6 {
[%emt 0:00:00]} 3. Bb5 {[%emt 0:00:03]} g6 {[%emt 0:00:08]} 4. O-O {[%emt 0:00:
00]} Bg7 {[%emt 0:00:03]} 5. Re1 {[%emt 0:00:10]} e5 {[%emt 0:00:02]} 6. Bxc6 {
[%emt 0:00:02]} dxc6 {[%emt 0:00:02]} 7. d3 {[%emt 0:00:02]} Qc7 {[%emt 0:01:
00]} 8. a4 {[%emt 0:00:02]} a5 {[%emt 0:00:14]} 9. Nbd2 {[%emt 0:00:19]} Ne7 {
[%emt 0:00:01]} 10. Nc4 {[%emt 0:00:00]} Be6 {[%emt 0:00:00]} 11. b3 {[%emt 0:
00:20]} f6 {[%emt 0:00:49]} 12. Be3 {[%emt 0:00:17]} b6 {[%emt 0:00:00]} 13.
Nfd2 {[%emt 0:00:11]} O-O {[%emt 0:03:53]} 14. b4 {[%emt 0:00:48]} b5 {[%emt 0:
00:48]} 15. axb5 {[%emt 0:01:56]} cxb5 {[%emt 0:00:03]} 16. Nxa5 {[%emt 0:00:
00]} cxb4 {[%emt 0:00:02]} 17. Nab3 {[%emt 0:00:09]} Rxa1 {[%emt 0:00:21]} 18.
Qxa1 {[%emt 0:00:00]} Qxc2 {[%emt 0:00:30]} 19. Nc5 {[%emt 0:02:05]} Bf7 {
[%emt 0:01:03]} 20. Qa5 {[%emt 0:04:56]} f5 {[%emt 0:00:00]} 21. Nf3 {[%emt 0:
00:54]} b3 {[%emt 0:06:16]} 22. Qxb5 {[%emt 0:00:23]} b2 {[%emt 0:00:05]} 23.
g3 {[%emt 0:03:15]} Ba2 {[%emt 0:00:30]} 24. Nd2 {[%emt 0:00:07]} f4 {[%emt 0:
00:03]} 0-1

[Event "RUS-ch Rapid 2021"]
[Site "Sochi"]
[Date "2021.10.12"]
[Round "2.21"]
[White "Dashko, Andrey"]
[Black "Trushnikov, Sergey"]
[Result "1/2-1/2"]
[WhiteElo "2219"]
[BlackElo "2525"]
[Annotator "ChessBase"]
[PlyCount "75"]
[EventDate "2021.10.12"]
[EventType "swiss"]
[EventCountry "RUS"]
[SourceTitle "playchess.com"]
[Source "ChessBase"]
[SourceQuality "1"]
[TimeControl "900+10"]

1. e4 {[%emt 0:00:05]} g6 {[%emt 0:00:07]} 2. d4 {[%emt 0:00:00]} Bg7 {[%emt 0:
00:02]} 3. Nc3 {[%emt 0:00:00]} d6 {[%emt 0:00:00]} 4. Be3 {[%emt 0:00:05]} a6
{[%emt 0:00:00]} 5. Qd2 {[%emt 0:00:04]} b5 {[%emt 0:00:00]} 6. f3 {[%emt 0:00:
00]} Bb7 {[%emt 0:00:13]} 7. O-O-O {[%emt 0:00:05]} Nd7 {[%emt 0:00:00]} 8. Kb1
{[%emt 0:00:07]} Rc8 {[%emt 0:01:59]} 9. h4 {[%emt 0:00:08]} h5 {[%emt 0:00:00]
} 10. Nh3 {[%emt 0:01:36]} c5 {[%emt 0:00:09]} 11. dxc5 {[%emt 0:01:09]} Nxc5 {
[%emt 0:00:05]} 12. Bd4 {[%emt 0:00:06]} Bxd4 {[%emt 0:01:59]} 13. Qxd4 {
[%emt 0:00:00]} Nf6 {[%emt 0:00:02]} 14. Nd5 {[%emt 0:00:58]} Bxd5 {[%emt 0:00:
42]} 15. exd5 {[%emt 0:00:00]} Ncd7 {[%emt 0:00:23]} 16. Nf4 {[%emt 0:01:41]}
Qb6 {[%emt 0:01:07]} 17. Qd2 {[%emt 0:00:44]} Rc5 {[%emt 0:01:14]} 18. Be2 {
[%emt 0:01:24]} Qb7 {[%emt 0:00:35]} 19. g4 {[%emt 0:00:35]} Nb6 {[%emt 0:00:
25]} 20. b4 {[%emt 0:03:52]} Rxd5 {[%emt 0:04:52]} 21. Nxd5 {[%emt 0:00:48]}
Nfxd5 {[%emt 0:00:03]} 22. gxh5 {[%emt 0:00:35]} gxh5 {[%emt 0:00:08]} 23. f4 {
[%emt 0:00:28]} Qc7 {[%emt 0:02:02]} 24. Rh3 {[%emt 0:00:21]} Rg8 {[%emt 0:00:
25]} 25. Bxh5 {[%emt 0:00:51]} e6 {[%emt 0:00:17]} 26. f5 {[%emt 0:02:22]} e5 {
[%emt 0:00:36]} 27. Bf3 {[%emt 0:00:23]} Nc3+ {[%emt 0:00:29]} 28. Kc1 {
[%emt 0:00:07]} Nxa2+ {[%emt 0:00:11]} 29. Kb1 {[%emt 0:00:03]} Nc3+ {[%emt 0:
00:10]} 30. Kc1 {[%emt 0:00:02]} Nxd1 {[%emt 0:00:07]} 31. Bxd1 {[%emt 0:00:00]
} a5 {[%emt 0:00:27]} 32. Rc3 {[%emt 0:00:08]} Nc4 {[%emt 0:00:08]} 33. Qd5 {
[%emt 0:00:00]} Qb6 {[%emt 0:00:31]} 34. Qa8+ {[%emt 0:00:03]} Qd8 {[%emt 0:00:
02]} 35. Qc6+ {[%emt 0:00:06]} Qd7 {[%emt 0:00:21]} 36. Qa8+ {[%emt 0:00:00]}
Qd8 {[%emt 0:00:02]} 37. Qc6+ {[%emt 0:00:04]} Qd7 {[%emt 0:00:32]} 38. Qa8+ {
[%emt 0:00:00]} 1/2-1/2